000 00611nam a2200193Ia 4500
008 090123s9999 xx 000 0 und d
082 _b24541
100 _aपालखीवाला नानी
245 _a"वुई,दि नेशन"
250 _a1
260 _bसत्यजय प्रकाशन
300 _a297
600 _aपालखीवाला नानी
630 _a"वुई,दि नेशन"
700 _aवाळिंबे वि.स.
700 _aपालखीवाला नानी
730 _a"वुई,दि नेशन"
942 _cBOOK
999 _c62612
_d62612